La administración financiera de los bancos comerciales (Registro nro. 28861)
[ vista simple ]
| 000 -LEADER | |
|---|---|
| fixed length control field | 00337 a2200109 4500 |
| 001 - CONTROL NUMBER | |
| control field | ART_24810 |
| 005 - DATE AND TIME OF LATEST TRANSACTION | |
| control field | 20260410161934.0 |
| 008 - FIXED-LENGTH DATA ELEMENTS--GENERAL INFORMATION | |
| fixed length control field | 260409a |
| 100 1# - MAIN ENTRY--PERSONAL NAME | |
| Personal name | Sapetnitzky, Claudio E. |
| 245 10 - TITLE STATEMENT | |
| Title | La administración financiera de los bancos comerciales |
| 773 0# - HOST ITEM ENTRY | |
| Title | Gestión |
| Related parts | - Nº 4 (dic. 1973/ene. 1974) |
| Record control number | REV24740 |
No hay ítems disponibles.